000
00339 a2200157 4500
001
76011
020
_a
9788565141215
040
_c
Anchieta - Colégio São Paulo
100
_a
Wanner, Letícia
240
1
0
_a
A bailarina
_l
por
245
1
0
_a
A bailarina
300
_a
29
362
0
_a
2018
650
4
_a
Literatura infantil
942
_c
BK
999
_c
76011
_d
76011